01010cam a2200277 a 450000100060000000300080000600500170001400800410003102000150007203500190008704000230010604100080012908200270013724500830016426000460024730000210029350000330031450400510034765000440039870000370044270000300047971000390050994200120054899900170056095201550057749552BD-RjUL20211209054708.0160821s1999 ii b 001 0 eng  a8170367433 a(BD-RjUL)49671 aDLCcDLCdDLCbeng aeng00a179.76 223bABO 1999 00aAbortion in the developing world /ceditors, Axel I. Mundigo, Cynthia Indriso. aNew Delhi :bVistaar Publications,c1999. a498 p. ;c25 cm. a"World Health Organization." aIncludes bibliographical references and index. 0aAbortionzDeveloping countries.91486291 aMundigo, Axel I.,d1935-91486301 aIndriso, Cynthia.91486312 aWorld Health Organization.9148632 2ddccBK c49552d49552 00102ddc40708NFICaRUCLbRUCLcStackd2002-08-07eParagon Enterprises Dhakag650.00l0o179.76 ABO 1999r2016-08-21 00:00:00tC-2w2016-08-21yBK